| 000 | 00436 a2200157 4500 | ||
|---|---|---|---|
| 005 | 20250627124933.0 | ||
| 020 | _a0-324-15988-9 | ||
| 082 | _a658.151 ING | ||
| 100 | _aINGRAM, R. W. | ||
| 245 | _aManagerial Accounting: Information for Decisions. | ||
| 250 | _a3rd Ed. | ||
| 260 |
_aAustralia, _bSouth Western, _c2003. |
||
| 300 |
_axxiv, 575p.: ill.; figure _bIndex _c28cm |
||
| 700 | _aALBRIGHT, T. L. [...et al...] | ||
| 942 |
_2ddc _cBKS |
||
| 999 |
_c5632 _d5632 |
||